[Event "Winnipeg February Sect-B"]
[Site "Winnipeg CAN"]
[Date "2007.02.11"]
[Round "4"]
[White "Goodman, Clifford"]
[Black "Rumpel, Chris"]
[Result "0-1"]
[WhiteElo "1478"]
[BlackElo "1781"]
[PlyCount "68"]
[GameId "2160767910718448"]
[EventDate "2007.02.09"]
[EventType "swiss"]
[EventRounds "5"]
[EventCountry "CAN"]
[SourceTitle "EXT 2019"]
[Source "ChessBase"]
[SourceDate "2018.10.10"]
[SourceVersion "1"]
[SourceVersionDate "2018.10.10"]
[SourceQuality "1"]

1. c4 c6 2. Nf3 d5 3. cxd5 cxd5 4. d4 Nc6 5. e3 a6 6. h3 Nf6 7. a3 Bf5 8. Bd3 Bxd3 9. Qxd3 e6 10. Nc3 Bd6 11. O-O O-O 12. e4 dxe4 13. Nxe4 Nxe4 14. Qxe4 Re8 15. Ng5 g6 16. Qh4 h5 17. g4 Nxd4 18. gxh5 Nf5 19. Qg4 Nh6 20. Qf3 Be7 21. Nxe6 fxe6 22. Bxh6 Bg5 23. Bxg5 Qxg5+ 24. Kh2 Qxh5 25. Qxh5 gxh5 26. Rg1+ Kh7 27. Rg5 Rf8 28. Kg3 Kh6 29. Re5 Rf6 30. Rae1 Re8 31. R1e4 Rg8+ 32. Kh4 Rgg6 33. Rxh5+ Kg7 34. Re2 Rf4# 0-1

[Event "Winnipeg February Sect-B"]
[Site "Winnipeg CAN"]
[Date "2007.02.11"]
[Round "4"]
[White "Green, Aaron"]
[Black "Wiebe, Daniel"]
[Result "0-1"]
[WhiteElo "1422"]
[BlackElo "1581"]
[PlyCount "112"]
[GameId "2160767910718449"]
[EventDate "2007.02.09"]
[EventType "swiss"]
[EventRounds "5"]
[EventCountry "CAN"]
[SourceTitle "EXT 2019"]
[Source "ChessBase"]
[SourceDate "2018.10.10"]
[SourceVersion "1"]
[SourceVersionDate "2018.10.10"]
[SourceQuality "1"]

1. e4 e5 2. Nf3 Nc6 3. Bb5 a6 4. Bxc6 dxc6 5. h3 Bc5 6. d3 h6 7. Be3 Bxe3 8. fxe3 Be6 9. Nc3 Qd6 10. Qd2 Nf6 11. a3 c5 12. d4 cxd4 13. exd4 exd4 14. Qxd4 Qg3+ 15. Qf2 Qf4 16. Qe2 O-O-O 17. O-O Nh5 18. Nh2 Qg5 19. Nf3 Qg3 20. Qf2 Bxh3 21. Qxg3 Nxg3 22. gxh3 Nxf1 23. Rxf1 Rhe8 24. Kf2 Rd6 25. Rg1 g6 26. e5 Rb6 27. Rb1 Ree6 28. Na4 Rb5 29. Nd4 Rexe5 30. Nxb5 Rxb5 31. Rd1 Rf5+ 32. Kg3 Rf6 33. Nc3 Rb6 34. Na4 Rd6 35. Rxd6 cxd6 36. Nc3 Kd7 37. Kf4 Ke6 38. Ne2 f6 39. Ng3 d5 40. c3 Kd6 41. h4 g5+ 42. hxg5 fxg5+ 43. Kf5 Kc5 44. b3 d4 45. Ke4 dxc3 46. Kd3 Kd5 47. Kxc3 Ke5 48. Kd3 Kf4 49. Ne4 g4 50. Nf6 Kf5 51. Nxg4 Kxg4 52. Ke2 h5 53. Kf2 Kf4 54. a4 Ke4 55. b4 Kd4 56. b5 axb5 0-1

[Event "Winnipeg February Sect-B"]
[Site "Winnipeg CAN"]
[Date "2007.02.11"]
[Round "4"]
[White "Green, Jim"]
[Black "Adol, Deng"]
[Result "1-0"]
[WhiteElo "1769"]
[BlackElo "1783"]
[PlyCount "84"]
[GameId "2160767910718450"]
[EventDate "2007.02.09"]
[EventType "swiss"]
[EventRounds "5"]
[EventCountry "CAN"]
[SourceTitle "EXT 2019"]
[Source "ChessBase"]
[SourceDate "2018.10.10"]
[SourceVersion "1"]
[SourceVersionDate "2018.10.10"]
[SourceQuality "1"]

1. e4 e5 2. Nf3 Nc6 3. Bb5 d6 4. d4 exd4 5. Nxd4 Bd7 6. Nxc6 bxc6 7. Bc4 Be7 8. Nc3 Bf6 9. Qf3 Ne7 10. Bg5 Ng6 11. Bxf6 Qxf6 12. Qxf6 gxf6 13. h3 Rg8 14. g4 Ne5 15. Be2 Rb8 16. O-O-O Be6 17. f4 Nxg4 18. hxg4 Bxg4 19. Rdg1 h5 20. Rxh5 Bxe2 21. Rxg8+ Ke7 22. Rxb8 Bxh5 23. Rb7 Kd7 24. Rxa7 Bf3 25. Ra5 Ke6 26. Kd2 Ke7 27. Ke3 Bg4 28. f5 Kd7 29. b4 Bh3 30. b5 cxb5 31. Rxb5 Bf1 32. Ne2 Kc6 33. c4 Kd7 34. a4 Kc8 35. a5 c6 36. Rb4 d5 37. cxd5 cxd5 38. exd5 Bg2 39. Rb5 Kc7 40. a6 Kc8 41. a7 Bxd5 42. Rxd5 Kb7 1-0

[Event "Winnipeg February Sect-B"]
[Site "Winnipeg CAN"]
[Date "2007.02.11"]
[Round "4"]
[White "Wasserman, Leor"]
[Black "Reimer, Bruce"]
[Result "1-0"]
[WhiteElo "1537"]
[BlackElo "1593"]
[PlyCount "51"]
[GameId "2160767910718452"]
[EventDate "2007.02.09"]
[EventType "swiss"]
[EventRounds "5"]
[EventCountry "CAN"]
[SourceTitle "EXT 2019"]
[Source "ChessBase"]
[SourceDate "2018.10.10"]
[SourceVersion "1"]
[SourceVersionDate "2018.10.10"]
[SourceQuality "1"]

1. e4 Nf6 2. Nc3 d5 3. exd5 Nxd5 4. Nxd5 Qxd5 5. Nf3 Bg4 6. Be2 Nc6 7. h3 Bh5 8. d3 Ne5 9. Nxe5 Qxe5 10. Be3 Bxe2 11. Qxe2 Qxb2 12. O-O Qe5 13. Qf3 c6 14. Rab1 Qc7 15. Bf4 e5 16. Rfe1 Bd6 17. d4 f6 18. dxe5 Bxe5 19. Bxe5 fxe5 20. Qh5+ g6 21. Rxe5+ Kf7 22. Qf3+ Kg7 23. Rbe1 Kg8 24. Re8+ Rxe8 25. Rxe8+ Kg7 26. Qc3+ 1-0

[Event "Winnipeg February Sect-B"]
[Site "Winnipeg CAN"]
[Date "2007.02.11"]
[Round "5"]
[White "Adol, Deng"]
[Black "Gannon, Keith"]
[Result "1-0"]
[WhiteElo "1783"]
[BlackElo "1665"]
[PlyCount "141"]
[GameId "2160767910718453"]
[EventDate "2007.02.09"]
[EventType "swiss"]
[EventRounds "5"]
[EventCountry "CAN"]
[SourceTitle "EXT 2019"]
[Source "ChessBase"]
[SourceDate "2018.10.10"]
[SourceVersion "1"]
[SourceVersionDate "2018.10.10"]
[SourceQuality "1"]

1. e4 e5 2. Bc4 Nf6 3. d3 d6 4. h3 Be7 5. Nc3 Nbd7 6. Be3 O-O 7. Qe2 c6 8. g4 b5 9. Bb3 a5 10. a4 b4 11. Na2 Bb7 12. g5 Ne8 13. h4 d5 14. O-O-O Nc5 15. Bxc5 Bxc5 16. Nf3 Qc7 17. exd5 cxd5 18. Nxe5 Bd4 19. Nf3 Qf4+ 20. Kb1 Nc7 21. Rdf1 Rae8 22. Qd1 Re7 23. h5 Bb6 24. Rh4 Qd6 25. g6 fxg6 26. hxg6 Qxg6 27. Rfh1 Qg2 28. Ne1 Qxf2 29. Rxh7 Re2 30. Nc1 Rxe1 31. Rh8+ Kf7 32. Rxf8+ Kxf8 33. Rxe1 Qc5 34. Qf3+ Kg8 35. Re5 Qf2 36. Qxf2 Bxf2 37. Re7 Bg3 38. Ne2 Kf8 39. Rd7 Bc6 40. Rd8+ Ke7 41. Rg8 Be5 42. Rc8 Bd7 43. Rb8 Bc6 44. Rb6 Bd7 45. Rb7 Bc6 46. Ra7 g5 47. d4 Bd6 48. Rxa5 g4 49. Ra7 g3 50. Kc1 Bd7 51. Kd2 g2 52. Ke3 Bg4 53. Ng1 Bh2 54. Kf2 Kd6 55. Kxg2 Bxg1 56. Kxg1 Bd1 57. Rb7 Ne6 58. Rxb4 Nf4 59. Kf2 Kc6 60. Ke3 Ng2+ 61. Kd2 Bf3 62. a5 Bg4 63. Rb6+ Kc7 64. Bxd5 Nf4 65. Bh1 Bc8 66. c4 Ne6 67. Kc3 Nd8 68. b4 Bb7 69. Bxb7 Nxb7 70. Rxb7+ Kxb7 71. b5 1-0

[Event "Winnipeg February Sect-B"]
[Site "Winnipeg CAN"]
[Date "2007.02.11"]
[Round "5"]
[White "Goodman, Clifford"]
[Black "Wasserman, Leor"]
[Result "0-1"]
[WhiteElo "1478"]
[BlackElo "1537"]
[PlyCount "66"]
[GameId "2160767910718454"]
[EventDate "2007.02.09"]
[EventType "swiss"]
[EventRounds "5"]
[EventCountry "CAN"]
[SourceTitle "EXT 2019"]
[Source "ChessBase"]
[SourceDate "2018.10.10"]
[SourceVersion "1"]
[SourceVersionDate "2018.10.10"]
[SourceQuality "1"]

1. c4 e5 2. g3 Nf6 3. Bg2 d5 4. cxd5 Nxd5 5. Qb3 Nb6 6. d3 Nc6 7. Be3 Be6 8. Qc2 Bd6 9. Bxc6+ bxc6 10. Qxc6+ Bd7 11. Qc2 O-O 12. Nf3 Nd5 13. Bc5 Qe7 14. Bxd6 cxd6 15. O-O Rac8 16. Qd2 f5 17. Qg5 Qf7 18. Nbd2 f4 19. Nc4 Qe6 20. Qh4 h6 21. Kg2 Rf5 22. g4 Rf6 23. g5 hxg5 24. Nxg5 Qg4+ 25. Qxg4 Bxg4 26. f3 Bd7 27. Ne4 Rh6 28. Rf2 Bh3+ 29. Kh1 Ne3 30. Rg1 d5 31. Ncd6 Rc2 32. Nf6+ Rxf6 33. Ne8 Rf7 0-1

[Event "Winnipeg February Sect-B"]
[Site "Winnipeg CAN"]
[Date "2007.02.11"]
[Round "5"]
[White "Reimer, Bruce"]
[Black "Gibbons, Lorne"]
[Result "1-0"]
[WhiteElo "1593"]
[BlackElo "1331"]
[PlyCount "59"]
[GameId "2160767910718455"]
[EventDate "2007.02.09"]
[EventType "swiss"]
[EventRounds "5"]
[EventCountry "CAN"]
[SourceTitle "EXT 2019"]
[Source "ChessBase"]
[SourceDate "2018.10.10"]
[SourceVersion "1"]
[SourceVersionDate "2018.10.10"]
[SourceQuality "1"]

1. e4 e6 2. c4 Bc5 3. d4 Bb4+ 4. Bd2 Bxd2+ 5. Qxd2 Ne7 6. Nf3 d6 7. Nc3 O-O 8. Bd3 f5 9. O-O Nd7 10. Ng5 Rf6 11. f4 h6 12. Nf3 Ng6 13. exf5 exf5 14. Rae1 Ndf8 15. Nd5 Re6 16. Ne3 Ne7 17. Nh4 g6 18. Qf2 h5 19. Qg3 Rf6 20. Re2 Kh7 21. Rfe1 Ng8 22. Nd5 Rf7 23. Re8 Qd7 24. Rxf8 Rxf8 25. Qxg6+ Kh8 26. Qxh5+ Kg7 27. Re3 Rf7 28. Rg3+ Kf8 29. Ng6+ Ke8 30. Nh8 1-0

[Event "Winnipeg February Sect-B"]
[Site "Winnipeg CAN"]
[Date "2007.02.11"]
[Round "5"]
[White "Rumpel, Chris"]
[Black "Green, Jim"]
[Result "1/2-1/2"]
[WhiteElo "1781"]
[BlackElo "1769"]
[PlyCount "62"]
[GameId "2160767910718456"]
[EventDate "2007.02.09"]
[EventType "swiss"]
[EventRounds "5"]
[EventCountry "CAN"]
[SourceTitle "EXT 2019"]
[Source "ChessBase"]
[SourceDate "2018.10.10"]
[SourceVersion "1"]
[SourceVersionDate "2018.10.10"]
[SourceQuality "1"]

1. d4 d5 2. c4 c6 3. Nc3 Nf6 4. Nf3 a6 5. a4 e6 6. e3 Nbd7 7. Bd3 dxc4 8. Bxc4 Bb4 9. O-O O-O 10. Qc2 Re8 11. e4 Bxc3 12. bxc3 Nf8 13. e5 Nd5 14. Bg5 Qa5 15. Bd2 Qc7 16. Ng5 c5 17. Bd3 g6 18. Be3 f5 19. exf6 Nxf6 20. dxc5 Ng4 21. g3 Qe7 22. Ne4 Nd7 23. Bg5 Qg7 24. h3 Ngf6 25. Nd6 Rf8 26. Qd2 Ne5 27. f3 Qc7 28. Bxf6 Qxc5+ 29. Qf2 Qxf2+ 30. Rxf2 Nxd3 31. Rd2 Nc5 1/2-1/2

[Event "Winnipeg February Sect-B"]
[Site "Winnipeg CAN"]
[Date "2007.02.11"]
[Round "5"]
[White "Wasserman, Arie"]
[Black "Green, Aaron"]
[Result "1-0"]
[WhiteElo "1593"]
[BlackElo "1422"]
[PlyCount "120"]
[GameId "2160767910718457"]
[EventDate "2007.02.09"]
[EventType "swiss"]
[EventRounds "5"]
[EventCountry "CAN"]
[SourceTitle "EXT 2019"]
[Source "ChessBase"]
[SourceDate "2018.10.10"]
[SourceVersion "1"]
[SourceVersionDate "2018.10.10"]
[SourceQuality "1"]

1. e4 c5 2. Bc4 d6 3. Nc3 Nf6 4. h3 a6 5. a4 Nc6 6. d3 Bd7 7. Bg5 e6 8. Nf3 h6 9. Be3 Be7 10. O-O O-O 11. Nh2 e5 12. Nd5 Nxd5 13. Bxd5 Qc8 14. Qh5 Be6 15. f4 Bxd5 16. exd5 Nd4 17. Rac1 Qf5 18. Qxf5 Nxf5 19. Bd2 Ng3 20. Rfe1 Bh4 21. fxe5 Nf5 22. exd6 Bxe1 23. Rxe1 Nxd6 24. Nf3 Rae8 25. Rf1 Re2 26. Bf4 Nc8 27. Rc1 Rd8 28. Kf1 Ree8 29. c4 Nd6 30. Kf2 f6 31. Be3 b6 32. d4 Nf5 33. Bf4 Nxd4 34. Nxd4 cxd4 35. Bc7 Rc8 36. d6 Rf8 37. Bxb6 Kf7 38. d7 Rb8 39. d8=Q Rbxd8 40. Bxd8 Rxd8 41. Ke2 Ke6 42. Kd3 a5 43. Re1+ Kf7 44. Re4 Rb8 45. c5 Rxb2 46. c6 Rb8 47. Kxd4 Rb4+ 48. Kd5 Rxe4 49. Kxe4 Ke6 50. c7 Kd7 51. Kf5 Kxc7 52. Kg6 Kb6 53. Kxg7 Kc5 54. Kxh6 Kb4 55. Kg6 Kxa4 56. h4 Kb3 57. h5 a4 58. h6 a3 59. h7 a2 60. h8=Q a1=Q 1-0

[Event "Winnipeg TNT April op"]
[Site "Winnipeg CAN"]
[Date "2007.04.03"]
[Round "1"]
[White "Cleto, Sam"]
[Black "Letain, Cory"]
[Result "1-0"]
[WhiteElo "1959"]
[BlackElo "1422"]
[PlyCount "41"]
[GameId "2160767910701448"]
[EventDate "2007.04.03"]
[EventType "swiss"]
[EventRounds "4"]
[EventCountry "CAN"]
[SourceTitle "EXT 2019"]
[Source "ChessBase"]
[SourceDate "2018.10.10"]
[SourceVersion "1"]
[SourceVersionDate "2018.10.10"]
[SourceQuality "1"]

1. d4 d5 2. e4 e6 3. Nc3 Bb4 4. Bd3 Nf6 5. e5 Ne4 6. Bd2 f5 7. exf6 Qxf6 8. Nf3 O-O 9. O-O Bxc3 10. bxc3 Nxd2 11. Qxd2 h6 12. Ne5 Nd7 13. Ng6 Rf7 14. f4 c5 15. Ne5 Nxe5 16. fxe5 Qe7 17. Rxf7 Kxf7 18. Bh7 g6 19. Rf1+ Ke8 20. Bxg6+ Kd8 21. Qxh6 1-0

[Event "Winnipeg TNT April op"]
[Site "Winnipeg CAN"]
[Date "2007.04.03"]
[Round "1"]
[White "Essery, Richard"]
[Black "Oberton, Daniel"]
[Result "0-1"]
[WhiteElo "1684"]
[BlackElo "2009"]
[PlyCount "114"]
[GameId "2160767910701449"]
[EventDate "2007.04.03"]
[EventType "swiss"]
[EventRounds "4"]
[EventCountry "CAN"]
[SourceTitle "EXT 2019"]
[Source "ChessBase"]
[SourceDate "2018.10.10"]
[SourceVersion "1"]
[SourceVersionDate "2018.10.10"]
[SourceQuality "1"]

1. d4 Nf6 2. Nf3 g6 3. Bf4 Bg7 4. e3 O-O 5. Nbd2 d6 6. c3 b6 7. Bd3 c5 8. Qe2 Nc6 9. h3 Re8 10. O-O e5 11. dxe5 dxe5 12. Bg5 h6 13. Bxf6 Qxf6 14. Ne4 Qe7 15. Bb5 Bb7 16. g4 f5 17. gxf5 gxf5 18. Ng3 Rf8 19. Rad1 a6 20. Bc4+ Kh8 21. Nh5 e4 22. Ne1 Ne5 23. Bb3 Nf3+ 24. Kh1 Be5 25. Nxf3 exf3 26. Qc4 Qg5 27. Ng3 h5 28. Rg1 f4 29. exf4 Bxf4 30. Rd7 Bc6 31. Rf7 Qh4 32. Kh2 Bxg3+ 33. Rxg3 Qxc4 34. Bxc4 Rxf7 35. Bxf7 Rd8 36. Bxh5 Rd2 37. Kg1 Rd1+ 38. Kh2 Rf1 39. Rg6 Rxf2+ 40. Kg1 Rg2+ 41. Rxg2 fxg2 42. h4 Kh7 43. Bg4 Kh6 44. Bh3 Kh5 45. Bxg2 Bd7 46. Kf2 Kxh4 47. Ke3 Kg5 48. Bb7 Be6 49. b3 a5 50. Ke4 Kf6 51. Ba6 a4 52. c4 a3 53. Bb5 Bf5+ 54. Kd5 Bb1 55. b4 Bxa2 56. bxc5 bxc5 57. Ba4 Bxc4+ 0-1

[Event "Winnipeg TNT April op"]
[Site "Winnipeg CAN"]
[Date "2007.04.03"]
[Round "1"]
[White "Green, Aaron"]
[Black "Lauritson, Jim"]
[Result "1/2-1/2"]
[WhiteElo "1459"]
[BlackElo "1916"]
[PlyCount "116"]
[GameId "2160767910701450"]
[EventDate "2007.04.03"]
[EventType "swiss"]
[EventRounds "4"]
[EventCountry "CAN"]
[SourceTitle "EXT 2019"]
[Source "ChessBase"]
[SourceDate "2018.10.10"]
[SourceVersion "1"]
[SourceVersionDate "2018.10.10"]
[SourceQuality "1"]

1. e4 c5 2. Nf3 e6 3. d4 cxd4 4. Nxd4 Nc6 5. Be3 Nf6 6. f3 a6 7. Nc3 Qc7 8. Be2 d6 9. Nxc6 bxc6 10. Qd2 d5 11. exd5 cxd5 12. Bf4 Bd6 13. Bxd6 Qxd6 14. Ne4 Qe7 15. Nxf6+ Qxf6 16. c3 O-O 17. O-O Bb7 18. Qd4 e5 19. Qd2 Qb6+ 20. Kh1 Rad8 21. Bd3 e4 22. Be2 Kh8 23. Rfd1 a5 24. Rab1 Ba8 25. Qd4 Qc7 26. Rd2 f5 27. Rbd1 Rb8 28. c4 dxc4 29. fxe4 fxe4 30. Qxc4 Qxc4 31. Bxc4 e3 32. Re2 Rbd8 33. Rxd8 Rxd8 34. h3 Rd1+ 35. Kh2 Rd2 36. Rxd2 exd2 37. Be2 g5 38. g3 Kg7 39. Kg1 Bd5 40. b3 Be6 41. h4 Kf6 42. Kf2 gxh4 43. gxh4 Ke5 44. Ke3 h6 45. Kxd2 Kd4 46. Bf3 Bf7 47. Bd1 Be6 48. a3 Bd5 49. b4 axb4 50. axb4 Kc4 51. Ke3 Kxb4 52. Kf4 Kc5 53. Kf5 Kd6 54. Kg6 Ke7 55. Kxh6 Kf8 56. Kh7 Be4+ 57. Kh8 Bg6 58. h5 Bxh5 1/2-1/2

[Event "Winnipeg TNT April op"]
[Site "Winnipeg CAN"]
[Date "2007.04.03"]
[Round "1"]
[White "Green, Jim"]
[Black "Schulz, Waldemar"]
[Result "0-1"]
[WhiteElo "1757"]
[BlackElo "2073"]
[PlyCount "53"]
[GameId "2160767910701451"]
[EventDate "2007.04.03"]
[EventType "swiss"]
[EventRounds "4"]
[EventCountry "CAN"]
[SourceTitle "EXT 2019"]
[Source "ChessBase"]
[SourceDate "2018.10.10"]
[SourceVersion "1"]
[SourceVersionDate "2018.10.10"]
[SourceQuality "1"]

1. e4 c5 2. Nc3 Nc6 3. Bb5 Nd4 4. Bc4 g6 5. f4 Bg7 6. Nf3 d6 7. Nxd4 cxd4 8. Ne2 Nf6 9. d3 Qb6 10. h3 O-O 11. g4 e6 12. Bb3 Nd7 13. Ng3 Nc5 14. Qe2 Nxb3 15. axb3 Bd7 16. Bd2 Rac8 17. Rc1 Rc7 18. h4 Rfc8 19. h5 Rxc2 20. Rxc2 Rxc2 21. hxg6 hxg6 22. f5 Qxb3 23. Qh2 Qxd3 24. Qh7+ Kf8 25. Nf1 Qxe4+ 26. Kd1 Rxb2 27. f6 0-1

[Event "Winnipeg TNT April op"]
[Site "Winnipeg CAN"]
[Date "2007.04.03"]
[Round "1"]
[White "Kwiatek, Jordan"]
[Black "Booth, Kevin"]
[Result "0-1"]
[WhiteElo "1988"]
[BlackElo "1642"]
[PlyCount "122"]
[GameId "2160767910701452"]
[EventDate "2007.04.03"]
[EventType "swiss"]
[EventRounds "4"]
[EventCountry "CAN"]
[SourceTitle "EXT 2019"]
[Source "ChessBase"]
[SourceDate "2018.10.10"]
[SourceVersion "1"]
[SourceVersionDate "2018.10.10"]
[SourceQuality "1"]

1. d4 e6 2. c4 Nf6 3. Nc3 Bb4 4. f3 d5 5. a3 Be7 6. cxd5 exd5 7. e3 Bf5 8. Nge2 c6 9. g4 Bg6 10. h4 h6 11. Bh3 Nbd7 12. b4 Nb6 13. O-O Nc4 14. h5 Bh7 15. Ng3 Qd6 16. Kg2 a6 17. e4 dxe4 18. fxe4 Nd7 19. Bf4 Qf6 20. e5 Qxf4 21. Rxf4 Ne3+ 22. Kh2 Nxd1 23. Rxd1 Bg5 24. Rf3 Nb6 25. Nge4 Be7 26. Rdf1 O-O 27. Ng3 Rad8 28. Nce2 Nd5 29. Nf5 Bxf5 30. gxf5 Bg5 31. Rg1 Nc7 32. Nc3 Rxd4 33. Ne2 Rd2 34. Rg2 Re8 35. e6 fxe6 36. fxe6 Rxe6 37. Ng3 Rxg2+ 38. Bxg2 Nd5 39. Bf1 Re7 40. Bc4 Re3 41. Rxe3 Bxe3 42. Nf5 Bf4+ 43. Kg2 Kf8 44. Kf3 Bc1 45. Bxd5 cxd5 46. a4 Bd2 47. b5 axb5 48. axb5 b6 49. Ke2 Bb4 50. Kd3 Bc5 51. Nh4 Kf7 52. Ng6 Kf6 53. Nf4 d4 54. Ke4 Kf7 55. Ng6 d3 56. Kxd3 Kf6 57. Nf4 Kf5 58. Ng6 Kg5 59. Ke4 Kxh5 60. Nf4+ Kg4 61. Ke5 Bg1 0-1

[Event "Winnipeg TNT April op"]
[Site "Winnipeg CAN"]
[Date "2007.04.03"]
[Round "1"]
[White "Lipic, Stephen"]
[Black "Khedkar, Jay S"]
[Result "0-1"]
[WhiteElo "1616"]
[BlackElo "1974"]
[PlyCount "38"]
[GameId "2160767910701453"]
[EventDate "2007.04.03"]
[EventType "swiss"]
[EventRounds "4"]
[EventCountry "CAN"]
[SourceTitle "EXT 2019"]
[Source "ChessBase"]
[SourceDate "2018.10.10"]
[SourceVersion "1"]
[SourceVersionDate "2018.10.10"]
[SourceQuality "1"]

1. e4 c5 2. Nc3 e6 3. Nf3 Nc6 4. Bb5 Qc7 5. O-O Nf6 6. d3 d6 7. Bxc6+ bxc6 8. b3 Be7 9. Bb2 O-O 10. Qe2 e5 11. Nd2 Bg4 12. Qe1 Nh5 13. f3 Be6 14. g4 Nf4 15. Ne2 Ng6 16. Rf2 Bh4 17. Ng3 Nf4 18. Qf1 h5 19. h3 Bxg3 0-1

[Event "Winnipeg TNT April op"]
[Site "Winnipeg CAN"]
[Date "2007.04.03"]
[Round "1"]
[White "Mundwiler, Les"]
[Black "Goodman, Clifford"]
[Result "1-0"]
[WhiteElo "1972"]
[BlackElo "1508"]
[PlyCount "125"]
[GameId "2160767910701454"]
[EventDate "2007.04.03"]
[EventType "swiss"]
[EventRounds "4"]
[EventCountry "CAN"]
[SourceTitle "EXT 2019"]
[Source "ChessBase"]
[SourceDate "2018.10.10"]
[SourceVersion "1"]
[SourceVersionDate "2018.10.10"]
[SourceQuality "1"]

1. d4 d5 2. c4 c6 3. Nc3 Nf6 4. Nf3 e6 5. g3 Nbd7 6. Bg2 Bb4 7. O-O dxc4 8. a3 Bxc3 9. bxc3 Qa5 10. Qc2 Nd5 11. Bd2 f5 12. e4 fxe4 13. Qxe4 N7f6 14. Qe5 O-O 15. Bh3 Qc7 16. Qxc7 Nxc7 17. Ne5 Ne4 18. Rad1 Nd5 19. Nxc4 Nexc3 20. Bxc3 Nxc3 21. Rde1 Nb5 22. Rd1 Nc3 23. Rd3 Ne4 24. Re3 Ng5 25. Bg2 Bd7 26. f4 Nf7 27. Bh3 b5 28. Na5 Nd8 29. Nb3 Nb7 30. Bxe6+ Bxe6 31. Rxe6 Rfe8 32. Rfe1 Kf7 33. f5 Nd6 34. Rxe8 Rxe8 35. Rxe8 Kxe8 36. Na5 Kd7 37. g4 Kc7 38. h4 Kb6 39. Nb3 Nc4 40. g5 Nd6 41. f6 gxf6 42. gxf6 a5 43. Kg2 a4 44. Nc5 Kc7 45. Kf3 Nf7 46. Ke3 Kd6 47. Kd3 Kd5 48. Kc3 h5 49. Kd3 Nh6 50. Kc3 Nf7 51. Nd3 Ke6 52. Nf4+ Kxf6 53. Nxh5+ Kg6 54. Ng3 Nd6 55. Kb4 Nf5 56. h5+ Kf6 57. Ne4+ Ke6 58. Kc5 Kd7 59. Nf6+ Ke7 60. Ng4 Kd7 61. h6 Nxh6 62. Nxh6 b4 63. Kxb4 1-0

[Event "Winnipeg TNT April op"]
[Site "Winnipeg CAN"]
[Date "2007.04.03"]
[Round "1"]
[White "Ranville, Marc"]
[Black "Van Wyk, Joseph"]
[Result "0-1"]
[WhiteElo "1520"]
[BlackElo "1920"]
[PlyCount "81"]
[GameId "2160767910701456"]
[EventDate "2007.04.03"]
[EventType "swiss"]
[EventRounds "4"]
[EventCountry "CAN"]
[SourceTitle "EXT 2019"]
[Source "ChessBase"]
[SourceDate "2018.10.10"]
[SourceVersion "1"]
[SourceVersionDate "2018.10.10"]
[SourceQuality "1"]

1. d4 d5 2. c4 e6 3. Nc3 c5 4. e3 Nf6 5. Nf3 Nc6 6. dxc5 Bxc5 7. cxd5 exd5 8. a3 O-O 9. Be2 Re8 10. O-O Be6 11. b4 Bb6 12. Bb2 Rc8 13. Na4 Ne4 14. Nxb6 Qxb6 15. Nd4 Red8 16. Rc1 a5 17. Nxc6 bxc6 18. Bd4 Qc7 19. f3 Nd6 20. b5 Nc4 21. bxc6 Qxc6 22. Bd3 Qd6 23. a4 Rc6 24. Qe1 Qb4 25. Bxh7+ Kf8 26. Qg3 g6 27. Qg5 Rdc8 28. Rb1 Qe7 29. Bf6 Qa7 30. Bd4 Qe7 31. Qh6+ Ke8 32. Qg7 Nd2 33. Qh8+ Qf8 34. Qe5 Nxf1 35. Kxf1 Qh6 36. Bg8 Kf8 37. Bxf7 Bxf7 38. Rb8 g5 39. Rb7 Rc1+ 40. Ke2 R8c2+ 41. Kd3 0-1

[Event "Winnipeg TNT April op"]
[Site "Winnipeg CAN"]
[Date "2007.04.03"]
[Round "1"]
[White "Repa, Jason"]
[Black "Wierda, John"]
[Result "1-0"]
[WhiteElo "2024"]
[BlackElo "1718"]
[PlyCount "65"]
[GameId "2160767910701457"]
[EventDate "2007.04.03"]
[EventType "swiss"]
[EventRounds "4"]
[EventCountry "CAN"]
[SourceTitle "EXT 2019"]
[Source "ChessBase"]
[SourceDate "2018.10.10"]
[SourceVersion "1"]
[SourceVersionDate "2018.10.10"]
[SourceQuality "1"]

1. e4 e6 2. d4 d5 3. e5 c5 4. c3 Nc6 5. Nf3 Qb6 6. Be2 cxd4 7. cxd4 Nge7 8. Na3 Nf5 9. Nc2 Nb4 10. Nxb4 Bxb4+ 11. Bd2 Bd7 12. a3 Be7 13. Bc3 O-O 14. Bd3 Nh6 15. Bd2 f5 16. Bxh6 gxh6 17. Qd2 Rf7 18. O-O Bg5 19. Nxg5 hxg5 20. Qxg5+ Rg7 21. Qe3 Rg4 22. f4 Qxb2 23. Be2 Bb5 24. Bxg4 Bxf1 25. Rxf1 fxg4 26. f5 exf5 27. Rxf5 Qb1+ 28. Rf1 Qg6 29. Rf6 Qb1+ 30. Kf2 Rc8 31. Kg3 Rc4 32. Qg5+ Kh8 33. Rf8# 1-0

[Event "Winnipeg TNT April op"]
[Site "Winnipeg CAN"]
[Date "2007.04.03"]
[Round "1"]
[White "Rutter, Blair"]
[Black "Podmoroff, Yuri"]
[Result "0-1"]
[WhiteElo "1949"]
[BlackElo "1563"]
[PlyCount "76"]
[GameId "2160767910701458"]
[EventDate "2007.04.03"]
[EventType "swiss"]
[EventRounds "4"]
[EventCountry "CAN"]
[SourceTitle "EXT 2019"]
[Source "ChessBase"]
[SourceDate "2018.10.10"]
[SourceVersion "1"]
[SourceVersionDate "2018.10.10"]
[SourceQuality "1"]

1. c4 Nf6 2. g3 e5 3. Bg2 Bc5 4. Nc3 d6 5. e3 Nc6 6. Nge2 Bf5 7. O-O Bd3 8. b3 Nb4 9. Bb2 Bc2 10. Qc1 Bd3 11. a3 Bxe2 12. Nxe2 Nd3 13. Qc2 Nxb2 14. Qxb2 c6 15. b4 Bb6 16. b5 Qc7 17. Rac1 O-O 18. d4 exd4 19. exd4 Nd7 20. Nf4 a6 21. bxc6 bxc6 22. Qd2 Rab8 23. Bh3 Ba5 24. Qd3 Rfd8 25. Nh5 Nf8 26. Qf5 Kh8 27. Qg5 Ng6 28. Rb1 Bc3 29. Qe3 Qa5 30. Bg4 Rxb1 31. Rxb1 Qxa3 32. Qf3 Qa2 33. Rb7 Qxc4 34. Rxf7 Bxd4 35. Bd7 Rb8 36. Kg2 Qd5 37. Bxc6 Qxf3+ 38. Kxf3 Ne5+ 0-1

[Event "Winnipeg TNT April op"]
[Site "Winnipeg CAN"]
[Date "2007.04.10"]
[Round "2"]
[White "Clark, Jeff"]
[Black "Green, Aaron"]
[Result "1-0"]
[WhiteElo "1846"]
[BlackElo "1459"]
[PlyCount "75"]
[GameId "2160767910701460"]
[EventDate "2007.04.03"]
[EventType "swiss"]
[EventRounds "4"]
[EventCountry "CAN"]
[SourceTitle "EXT 2019"]
[Source "ChessBase"]
[SourceDate "2018.10.10"]
[SourceVersion "1"]
[SourceVersionDate "2018.10.10"]
[SourceQuality "1"]

1. Nf3 Nf6 2. c4 g6 3. Nc3 Bg7 4. e4 d6 5. d4 O-O 6. Be2 e5 7. d5 Nbd7 8. O-O Ne8 9. Ne1 f5 10. exf5 gxf5 11. f4 Qe7 12. Nf3 e4 13. Nd4 Bxd4+ 14. Qxd4 Qf6 15. Qf2 a5 16. Be3 Qg6 17. Rac1 Ndf6 18. h3 Kf7 19. Rfd1 Rg8 20. Kh2 Nh5 21. Bxh5 Qxh5 22. Bd4 Nf6 23. Bxf6 Kxf6 24. c5 Bd7 25. c6 bxc6 26. dxc6 Bxc6 27. Qd4+ Ke7 28. Nd5+ Bxd5 29. Rxc7+ Ke8 30. Rd2 Kd8 31. Qxd5 Kxc7 32. Qxd6+ Kb7 33. Qd7+ Kb8 34. Qb5+ Kc8 35. Qc6+ Kb8 36. Qb6+ Kc8 37. Rc2+ Kd7 38. Rc7+ 1-0